000
00338nam a2200121 a 4500
005
20140414132100.0
008
100703s19uu xx 00 eng d
050
_a
M 363.3
_b
C32 2002
100
_a
Cefrey, Holly
245
_a
What if an asterois hit earth?.
260
_a
Danbury, Connecticut :
_b
Children's press,
_c
2002.
999
_c
114427
_d
114427